[Event "Veterans-Women"]
[Site "Monte Carlo"]
[Date "1994.??.??"]
[Round "9"]
[White "Chiburdanidze, Maia"]
[Black "Portisch, Lajos"]
[Result "0-1"]
[WhiteElo "2520"]
[BlackElo "2605"]
[Annotator "Ribli,Z"]
[PlyCount "74"]
[EventDate "1994.06.??"]
[EventType "schev"]
[EventRounds "6"]
[EventCountry "MNC"]
[SourceTitle "CBM 042"]
[Source "ChessBase"]
[SourceDate "1994.10.01"]
[SourceVersion "1"]
[SourceVersionDate "1994.10.01"]
[SourceQuality "1"]

1. e4 c5 2. Nf3 e6 3. Nc3 a6 4. d4 cxd4 5. Nxd4 Qc7 6. Bd3 Nc6 7. Nxc6 dxc6 $5
8. f4 (8. a4 a5 $5 9. O-O Bd6 10. Kh1 (10. f4 $5) 10... e5 11. Bc4 Nf6 $10 {
Todorovic,GM-Milosevic,G/1991/Biel op/EXP24/}) 8... e5 9. O-O (9. fxe5 $6 Ne7
10. O-O Ng6 11. Bc4 Nxe5 12. Bb3 Bd6 13. Bf4 O-O 14. Qe1 Be6 15. Qg3 Bxb3 16.
axb3 Rad8 17. Rad1 f6 18. Qh3 Qe7 $15 {Kamber,B-Gheorghiu,F/SWZ-GP Suhr/1991/
CBM22/}) 9... Nf6 10. a4 (10. f5 Bc5+ 11. Kh1 b5 12. a4 Bb7 $10 {Gallegher,
J-Gheorghiu,F/Grand-Prix Suisse/1990/CBM17/}) (10. Kh1 Bd6 (10... h5 $5) 11. f5
Be7 $1 (11... h5 $6 12. Be3 b5 13. a4 b4 $6 14. Nb1 Qe7 15. Nd2 $16 {Lanka,
Z-Rodewis/Deutschland/1992/}) 12. a4 b6 13. Qf3 h5 14. b3 h4 15. Be3 Bb7 $10 {
Watson,W-Bischoff,K/Kecskemet/1988/CBM10/}) 10... Ng4 $5 11. Qf3 Bc5+ 12. Kh1
a5 13. Qg3 h5 $1 14. f5 (14. fxe5 Bd4 15. Bf4 Bxe5 $13) 14... b6 15. Nd1 g6 (
15... Bb7 16. Ne3 Nxe3 17. Bxe3 Bxe3 18. Qxe3 O-O-O $10) 16. Ne3 Nxe3 17. Bxe3
h4 $1 18. Qf2 Bxe3 19. Qxe3 gxf5 20. exf5 f6 21. Rad1 (21. h3 Bb7 22. Rad1
O-O-O $10) 21... h3 $1 22. Qg3 $6 (22. g4 $5) 22... hxg2+ 23. Qxg2 Bb7 24. Bc4
(24. Qg6+ Qf7 25. Bc4 Qxg6 26. fxg6 Ke7 27. g7 c5+ 28. Kg1 Rag8 $1 29. Bxg8
Rxg8 30. Kf2 Rxg7 31. Rg1 Rh7 $44) 24... c5 25. Bd5 O-O-O $1 26. c4 Bxd5 27.
Rxd5 Rdg8 28. Qe2 Rh7 29. b3 Rhg7 30. Rfd1 Rg5 31. Qf3 $2 (31. Qe4 $5) 31... e4
$1 32. Qf2 (32. Qxe4 Qxh2+ 33. Kxh2 Rh8+ $19) 32... Qg7 33. R5d2 Qe7 34. Re2
Qe5 35. Qe3 Rg4 36. Rd5 (36. Rf1 $17) 36... Qf4 37. Qxf4 $2 Rg1# 0-1

[Event "Lee Cup 4th"]
[Site "Beijing"]
[Date "1997.09.03"]
[Round "10"]
[White "Wang, Zili"]
[Black "Yakovich, Yuri"]
[Result "0-1"]
[WhiteElo "2520"]
[BlackElo "2610"]
[Annotator "Ribli,Z"]
[PlyCount "92"]
[EventDate "1997.08.23"]
[EventType "swiss"]
[EventRounds "11"]
[EventCountry "CHN"]
[SourceTitle "CBM 061"]
[Source "ChessBase"]
[SourceDate "1997.11.23"]
[SourceVersion "1"]
[SourceVersionDate "1997.11.23"]
[SourceQuality "1"]

1. e4 c5 2. Nf3 e6 3. d4 cxd4 4. Nxd4 a6 5. Nc3 b5 {Ein aggressiver Versuch,
der in letzter Zeit viel Popularität genießt. Schwarz strebt sofort Spiel am
Damenflügel an und entwickelt erst später seinen Königsflügel.} 6. Bd3 Qb6 $1 {
Schwarz verjagt den Springer. Zwar steht die Dame nicht so gut auf b6, aber
der weiße Springer auf b3 ist noch schlechter postiert.} (6... Bb7 7. O-O (7.
Qe2 Ne7 8. e5 Bxg2 9. Rg1 Bb7 10. Bg5 Qb6 11. Be3 Nd5 12. Nxd5 Bxd5 13. Nf5 Qc7
14. Nd6+ Bxd6 15. exd6 Qxd6 16. O-O-O $40 {1-0 Svidler,P-Zhelnin,V/St.
Petersburg op 1994 (24)}) 7... d6 (7... Nc6 $6 8. Nxc6 dxc6 9. Qe2 Nf6 10. e5
Nd7 11. Bf4 $16) 8. Re1 (8. Qe2 $5 $146 Nf6 9. a4 b4 (9... bxa4 10. Nxa4 (10.
Rxa4 $5) 10... Be7 11. b4 $5 O-O 12. Nb3 Nc6 13. Bd2 Qc7 14. f4 Rfe8 15. c4 d5
(15... e5 $5 16. b5 Nd4 17. Nxd4 exd4 $13) 16. cxd5 exd5 17. e5 $14 {1-0
Mortensen,E-Bezold,M/Politiken Cup 1997 (40)}) 10. Na2 e5 $6 11. Nf5 g6 12. Nh6
$1 Nc6 13. c3 bxc3 14. bxc3 $1 $16 {+/- Lanka,Z-Giffard,N/Nice 1996}) (8. a4
bxa4 9. Rxa4 Nd7 10. Nb3 Ngf6 11. Qe2 Be7 12. Bxa6 {(...) 1-0 Landa,
K-Matamoros Franco,C/Biel op (10) ;EXP 48 1995 (16)}) 8... Nf6 9. a4 b4 10. Nd5
$1 exd5 11. exd5+ Kd7 12. c4 g6 13. a5 Bg7 14. Bf4 Kc8 15. Rc1 Nh5 16. c5 Qf6
17. cxd6+ Kd8 18. Qc2 {1-0 David,A-Lobron,E/Amsterdam Donner op 1996}) 7. Nb3 (
7. Be3 $6 Bc5) 7... Qc7 {Schwarz muß diesen Zug sofort ausführen, sonst kommt
a4-a5 mit Tempo.} (7... d6 8. a4 b4 9. a5 $14) 8. O-O (8. a4 b4 9. Ne2 Bb7 10.
Ned4 Nf6 11. Qe2 Nc6 12. Nxc6 Bxc6 13. e5 Ng8 14. O-O Ne7 15. Bg5 Ng6 16. Rfe1
Bb7 17. Rad1 h6 18. Bd2 Be7 19. Qg4 h5 20. Qc4 Rc8 {Svidler,P-Ehlvest,J/
EU-chTM 1997/EXP 57/1/2-1/2 (47)}) (8. Be3 Bb7 9. O-O d6 10. a3 Nd7 11. f4 Ngf6
12. Qe2 Be7 13. Rae1 O-O $13 {Kaminski,U-Kveinys,A/Dresden op 1996/1/2-1/2 (49)
}) (8. f4 d6 9. Qf3 $5) 8... Bb7 (8... Nf6 9. Qe2 Nc6 10. Bg5 Be7 11. a4 b4 12.
Nd1 O-O 13. f4 d6 14. Ne3 Re8 15. a5 Nd7 16. Bxe7 Rxe7 17. Qh5 Nf6 18. Qh4 {
1/2-1/2 Michalek,J-Berezjuk,S/CZE-chT9495 1995 (30)}) 9. f4 (9. a4 b4 10. Ne2
Nf6 11. Bf4 e5 12. Be3 d5 13. f3 Nbd7 14. Ng3 g6 {0-1 Leiber,B-Kengis,E/Bad
Zwesten op 1997/EXP 57 (30)}) (9. Qe2 Nc6 10. f4 d6 11. Bd2 Nf6 12. Rae1 Be7
13. a3 O-O 14. f5 Rae8 15. fxe6 fxe6 16. Be3 Ne5 17. Nd4 Bd8 18. h3 Qd7 19. Nf3
Ng6 20. Qd2 Qc6 21. Nd4 Qc8 22. Nf3 Qc6 23. Nd4 Qc8 {1/2-1/2 Khalifman,
A-Hansen,C/Skolernes Skakklub 1997}) 9... d6 10. Qe2 Nd7 (10... Nf6 $13 11. e5
dxe5 (11... b4) 12. fxe5 $40) 11. Bd2 Ngf6 $11 {Schwarz hat eine solide
Stellung.  Wegen des etwas deplazierten Nb3 kann Weiß nicht so einfach seinen
Angriff am Königsflü aufziehen.} 12. a3 (12. Rae1 e5 (12... b4 $5 13. Nd1 (13.
Na4 Bc6 {[%csl Ra4]}) 13... e5)) 12... Be7 13. Rae1 e5 (13... O-O 14. e5 $36)
14. h3 (14. Kh1 O-O $11) 14... O-O 15. fxe5 dxe5 $5 {Natürlich hilft Schwarz
seinem Kontrahenten nicht. Der Schwachpunkt der weißen Stellung ist der
schlechte Nb3.} (15... Nxe5 16. Nd4 {[%csl Gd4][%cal Gd4f5]}) 16. Rf3 Bc6 17.
g4 $2 {Dieser Zug gefällt mir gar nicht. Weiß hat keinen Angriff am
Königsflügel. Die Partiefortsetzung schwächt die weiße Königsstellung.} (17.
Nd1 a5 $5 18. Bxb5 $4 Qb6+ $19 (18... Bxb5 $2 19. Qxb5 Qxc2 20. Rc3 Qb1 21. Rc1
Qa2 22. Ra1)) 17... Rae8 18. Ref1 $6 (18. g5 Nh5 {[%csl Rf4]} 19. Nd5) 18...
Nb6 {[%csl Gb6]} 19. Na5 $6 {Weiß hat kein Spiel am Damenflügel. Sein Na5 ist
nur scheinbar gut, in Wirklichkeit arbeitet dieser Plan Schwarz in die Hände.}
(19. Qf2) 19... Ba8 20. b4 Rc8 $15 {[%csl Rc4]} 21. Rf5 $6 {Weiß spielt ohne
besonderen Plan. Der Textzug kommt nur Schwarz zugute.} (21. Nd1 Ne8 22. Ne3)
21... Ne8 {[%csl Rc4][%cal Ge8d6,Gd6c4]} 22. Qf2 Nd6 23. Rf3 Nbc4 {[%csl Gc4]}
24. Bxc4 Nxc4 25. Nxc4 Qxc4 {[%csl Gc4] Weiß hat aufgrund seines zwecklosen
Spiels mit 17.g4 und 20.b4 nur Schwächen in seiner Stellung. Schwarz hingegen
verfügt über das Läuferpaar und starken Druck auf der c-Linie.} 26. Qa7 (26.
Re1 Qd4 $15) 26... Qd4+ $1 27. Qxd4 exd4 28. Nd5 Bxd5 29. exd5 Rxc2 {Schwarz
hat einen Bauern mehr, aber da sich sein Materialvorteil am Königsflügel
befindet, ist es nicht so leicht, ihn zu verwerten.} 30. Rd3 {[%csl Gd3] Der
weiße Turm blockiert gut und hält die weiße Stellung. Natürlich hat Schwarz
bei gutem Spiel Gewinnchancen.} Bf6 31. Re1 h6 (31... Rd8 $2 32. g5 $16) 32. d6
{Früher oder später muß Weiß diesen Zug spielen.} Rd8 33. Bf4 Rc3 {[%csl Gc3]}
34. Red1 (34. Rxc3 dxc3 $17 {Und der schwarze Frebauer ist noch stärker auf c3.
Ribli.}) 34... Kf8 35. Kf2 Ke8 36. Kf3 Kd7 $17 {[%csl Gd7] Schwarz blockiert
den Freibauern des Gegners mit dem König, so daß der Rd8 sich befreien kann.}
37. Ke4 Re8+ 38. Kd5 {Es scheint, als kompensiere die weiße Aktivität den
Bauern, aber nach dem eventuellen Läufertausch befindet sich der weiße König
in großer Not.} Re6 39. h4 (39. R1d2 Bg5 40. Bxg5 hxg5 41. Kxd4 Rc4+ 42. Kd5 f6
{Und das Matt ist unabwendbar.}) 39... g5 40. hxg5 hxg5 41. Bh2 (41. Bg3 Re3
42. Rxe3 dxe3 $17) 41... Bg7 {[%cal Gg7f8,Gf8d6]} (41... Re3 $17 {Dieser Zug
wäre auch ganz gut, aber Schwarz verfolgt einen anderen Plan: den Pd6 zu
gewinnen.}) 42. Rf1 f6 43. Rxd4 (43. Kxd4 f5+ $19) 43... Bf8 $19 {[%csl Gc3,
Rd5,Ge6] Die schwarze Drohung - 44...Bxd6 mit Mattnetz - ist unparierbar.} 44.
Re4 Rd3+ 45. Rd4 Rh3 46. Rf2 (46. Rd2 Bxd6 $19) 46... Rxh2 $1 {Und Weiß gab
angesichts des drohenden Matts auf e5 auf.Ribli.} (46... Rxh2 47. Rxh2 Re5#)
0-1

[Event "New York MCC"]
[Site "New York"]
[Date "1994.??.??"]
[Round "6"]
[White "Waitzkin, Joshua"]
[Black "Gurevich, Ilya"]
[Result "0-1"]
[WhiteElo "2430"]
[BlackElo "2585"]
[Annotator "Ribli,Z"]
[PlyCount "70"]
[EventDate "1994.02.??"]
[EventType "tourn"]
[EventRounds "11"]
[EventCountry "USA"]
[EventCategory "9"]
[SourceTitle "CBM 043"]
[Source "ChessBase"]
[SourceDate "1994.12.01"]
[SourceVersion "1"]
[SourceVersionDate "1994.12.01"]
[SourceQuality "1"]

1. e4 c5 2. Nf3 e6 3. d4 cxd4 4. Nxd4 a6 5. Nc3 Qc7 6. g3 Nf6 7. Bg2 Bb4 8.
Nde2 Be7 9. O-O O-O 10. h3 Nc6 11. g4 d6 (11... Rd8 $1) 12. g5 Nd7 13. Ng3 b5
14. h4 $6 (14. a3 Bb7 15. f4 Rfe8 $10) 14... Re8 15. h5 g6 16. f4 b4 17. Nce2
Bb7 18. b3 Rac8 19. Bb2 $2 {><g5} (19. Be3 Bf8 20. Rc1 Bg7 21. c4) 19... e5 $1
$17 20. Bh3 $5 exf4 21. Nxf4 Nce5 22. hxg6 hxg6 23. Nxg6 $5 (23. Bxe5 Nxe5 24.
Bxc8 Rxc8 $17 {/\} 25. Nd5 Bxd5 26. exd5 Bxg5 27. Ne4 Be3+) 23... fxg6 (23...
Nxg6 $2 24. Qh5 Nde5 25. Rxf7 $1 $18) 24. Be6+ Kh7 25. Qg4 $6 (25. Bxd7 Qxd7
26. Bxe5 Bxg5 27. Qxd6 Qxd6 28. Bxd6 Be3+ 29. Kh1 Bxe4+ 30. Nxe4 Rxe4 $17)
25... Bxg5 $1 (25... Nxg4 $2 26. Rf7+ Kg8 27. Rxe7+ Kf8 28. Rf7+ $10) 26. Qh3+
Bh6 27. Nf5 (27. Bc1 Rxe6 28. Bxh6 Ree8 $19) 27... gxf5 28. Bxf5+ Kg7 29. Qg4+
Kh8 30. Qh4 (30. Qh5 Qc5+ 31. Kh1 Qe3 32. Bc1 Bxe4+) 30... Qc5+ 31. Kh1 Qe3 32.
Bc1 Ng6 $1 33. Bb2+ (33. Bxg6 Rxe4 34. Qxh6+ Qxh6+ 35. Bxh6 Re2+ $1 36. Kg1
Rg2+ 37. Kh1 Rxg6+) 33... Kg8 34. Bxg6 Bxe4+ (34... Rxe4 $1) 35. Kh2 Rxc2+ 0-1

[Event "Sigeman & Co 07th"]
[Site "Malmo"]
[Date "1999.06.10"]
[Round "3"]
[White "De Firmian, Nick E"]
[Black "Akesson, Ralf"]
[Result "1-0"]
[WhiteElo "2610"]
[BlackElo "2530"]
[Annotator "Ribli,Z"]
[PlyCount "83"]
[EventDate "1999.06.??"]
[EventType "tourn"]
[EventRounds "9"]
[EventCountry "SWE"]
[EventCategory "14"]
[SourceTitle "CBM 072"]
[Source "ChessBase"]
[SourceDate "1999.10.01"]
[SourceVersion "1"]
[SourceVersionDate "1999.10.01"]
[SourceQuality "1"]

{[%mdl 576]} 1. e4 c5 2. Nf3 e6 3. d4 cxd4 4. Nxd4 a6 5. Nc3 b5 {Die
schärfeste Fortsetzung in der Stellung. Ribli.} 6. Bd3 Qb6 {Meines Erachtens
bietet jetzt 7.Be3 Bc5 8.Be2 dem Weissen mehr Hoffnung auf Eröffnungsvorteil.}
7. Nb3 Qc7 {Schwarz muss so spielen, denn nach z.B. 7...Bb7 kommt 8.a4 b4 9.a5
und 10.Na4 mit weissem Positionsvorteil. Mit der Partiefortsetzung vermeidet
Schwarz den Tempozug 9.a5.} 8. f4 (8. O-O {Das ist die Hauptfortsetzung in
dieser Stellung. Schwarz hat drei prinzipielle Möglichkeiten: 8...Bb7, 8...d6
und 8...Nf6.}) 8... Bb7 (8... d6 9. Qf3 (9. O-O Nd7 10. Kh1 Ngf6 11. Qf3 Bb7
12. a3 g6 13. Qh3 Bg7 14. f5 gxf5 15. exf5 e5 16. Bg5 h6 17. Bh4 Rg8 18. Rae1
Bf8 {1-0 Svidler,P-Kasparov,G/ICC m1 1998/CBM 64 ext (35)}) 9... Nd7 10. O-O
Ngf6 11. Bd2 b4 12. Nd1 Bb7 13. Nf2 {CBM 61-5.Nc3 b5 6.Bd3 Qb6/Opening 1997/
CBM 61/[Ftacnik] (24)} (13. Ne3 {Svidler,P} a5 $13)) 9. Qe2 (9. O-O Nf6 10. Qf3
(10. e5 b4 11. Nb1 (11. Ne2 Nd5 12. Qe1 f5 13. exf6 Nxf6 14. c4 a5 15. f5 a4
16. Nd2 Bc5+ 17. Kh1 O-O 18. Ng3 Nc6 {1/2-1/2 Andreev,E-Masserey,Y/Rotterdam
1998/EXT 99 (34)}) 11... Nd5 12. Qe2 Nc6 13. N1d2 d6 14. Nc4 Be7 15. exd6 Bxd6
16. Nxd6+ Qxd6 17. Qf2 O-O 18. Nc5 Bc8 19. Bd2 a5 20. Rad1 Nce7 21. c4 bxc3 22.
bxc3 Qc7 {1/2-1/2 Nijboer,F-Hoffmann,M/BL98/99 Porz-Castrop 1998/BL9899 (49)})
10... d6 11. Bd2 Nbd7 12. Rae1 g6 13. Qh3 Bg7 14. Nd4 O-O 15. Nf3 b4 16. Nd1
Nc5 {0-1 Berzinsh,R-Movsesian,S/Czech Extraleague 1999 (35)}) 9... d6 10. a4 b4
(10... bxa4 11. Rxa4 $14 {Und Weiss verfolgt den Plan Be3, 0-0 und Rfa1 mit
klarer Initiative am Damenflügel.}) 11. Nd1 Nf6 12. Nf2 (12. c3 $6 d5 $15)
12... Nbd7 13. Bd2 a5 {Nach diesem Zug ist das Feld b5 geschwächt, aber
Schwarz hat nichts anderes.} (13... d5 14. e5 Ng8 15. O-O $16) 14. c3 (14. Nd4
$14 {[%cal Gd4b5]}) 14... bxc3 15. Bxc3 Be7 $13 {Weiss hat Raumvorteil, aber
sein Springer steht nicht gut auf b3. Die Felderschwächen b4 und b5 sind
beiderseitig.} 16. g4 (16. O-O) 16... d5 {Schwarz sucht sofort Gegenspiel im
Zentrum, was zu grossen Komplikationen führt.} (16... h6 $5 $13 {Schwarz kann
jetzt selbst 17...g7-g5 ziehen, denn das sofortige 17.g5 hxg5 18.fxg5 bietet
nichts für Weiss.}) 17. e5 d4 {[%cal Rb7h1]} 18. Nxd4 Nd5 $44 {Schwarz hat
einen Bauern weniger, aber sein Laufer steht gut in der langen Diagonalen und
der Springer ist aktiv auf d5.} (18... Bxh1 19. exf6 Nxf6 20. Nxh1 $16) 19. Nb5
(19. Bd2 Qb6 20. Nb5 {Mit Zugumstellung haben wir die Partiefortsetzung.})
19... Qb6 20. Bd2 {In der weissen Stellung ist alles verteidigt. Schwarz ist
daher in Eile, seine Kompensation zu demonstrieren.} Nc5 (20... Bh4 21. Nd6+
Kf8 22. O-O $16) 21. Bc2 Nb4 $5 (21... Rb8 22. O-O Ba6 $13) 22. Bxb4 axb4 (
22... Bxh1 $1 23. Bxc5 Qxc5 $1 (23... Bxc5 24. Nxh1 $16) 24. Nxh1 Qg1+ 25. Qf1
(25. Kd2 Bb4+ 26. Kd3 Qxa1 $19) 25... Qe3+ 26. Qe2 Qg1+ $11) 23. Be4 Nxe4 (
23... O-O $44) 24. Nxe4 O-O {Das Läuferpaar und die aktive Stellung sind gute
Kompensation für den schwarzen Minusbauern.} (24... Bh4+ $1 25. Kf1 O-O $44 {
[%cal Gf8f1,Gf7f5,Gb7h1] Der weisse König steht schlecht.} (25... Bxe4 26. Nd6+
$13 {[%cal Rd6e8,Rd6e4]} Qxd6 $6 27. exd6 Bxh1 28. Qb5+ $40 {Materiell steht
Schwarz besser, aber er hat Probleme mit der Figurenkoordination.})) 25. Rf1
Bxe4 $6 (25... Bc6 $5 26. Ned6 Rfd8 $44) 26. Qxe4 Rxa4 $2 {Schwarz opfert die
Qualität ohne ausreichende Kompensation.} (26... Rac8 $44) 27. Rxa4 Qxb5 28.
Ra1 Bh4+ 29. Kd2 f5 (29... Rd8+ 30. Ke3 $16 {Und der weisse König ist in
Sicherheit.} (30. Kc2 b3+ 31. Kc3 Rc8+ 32. Kd2 f5 {Dieser Zug ist wichtig.
Schwarz befreit sich von Grundreihenproblemen.} 33. gxf5 Rc2+ $19)) 30. exf6
Bxf6 31. Ra8 $1 Rxa8 (31... Qxf1 32. Qxe6+ $18) 32. Qxa8+ Kf7 33. Ra1 $16 {
Weiss hat eine Qualität mehr, aber seine Königsstellung ist schwach.} Qd7+ 34.
Ke2 Qb5+ 35. Ke3 Be7 (35... Qc5+ 36. Kf3 $16) (35... Bxb2 36. Ra7+ Kg6 37. Qe4+
$18 {[%csl Rg6]}) 36. Qe4 h6 (36... Bc5+ 37. Kf3 $16) 37. Kf3 {Jetzt steht der
weisse König sicher auf f3 und die Partie ist daher praktisch entschieden.} Qc5
38. Re1 Qd6 39. Qc4 Bf6 40. f5 $18 {[%csl Rf7] Schwarz verliert den e-Bauern.}
Bxb2 41. Rxe6 Qd4 (41... Qd1+ 42. Re2+ $18) 42. Rf6+ $1 {[%csl Rf7]} (42. Rf6+
Kxf6 43. Qe6+ Kg5 44. Qg6+ Kh4 45. Qh5#) 1-0

[Event "RUS-Cup3"]
[Site "Omsk"]
[Date "1996.??.??"]
[Round "8"]
[White "Eismont, Oleg"]
[Black "Korneev, Oleg"]
[Result "0-1"]
[WhiteElo "2455"]
[BlackElo "2565"]
[Annotator "Ribli,Z"]
[PlyCount "90"]
[EventDate "1996.12.13"]
[EventType "swiss"]
[EventRounds "9"]
[EventCountry "RUS"]
[SourceTitle "CBM 057"]
[Source "ChessBase"]
[SourceDate "1997.04.01"]
[SourceVersion "1"]
[SourceVersionDate "1997.04.01"]
[SourceQuality "1"]

1. e4 c5 2. Nf3 e6 3. Nc3 a6 4. d4 cxd4 5. Nxd4 Qc7 6. Be2 b5 {Heutzutage ist
diese Variante wieder populär. Ich merke an, daß dieser Zug die "echte"
Paulsen-Fortsetzung ist, aber 6...Nc6 7.0-0 Nf6 8.Be3 d6 - statt 8...Bb4 -oder
8.Kh1 d6 -statt 8.Bb4 oder 8...Nxd4 und Übergang zur Scheveninger Variante ist
auch populär. Ribli.} 7. O-O Bb7 {Das ist die Grundidee in der
Paulsen-Variante. Schwarz entwickelt zuerst seinen Damenflügel und spielt
nicht d7-d6, er hofft, vielleicht sofort d7-d5 ziehen zu können, oder in
einigen Varianten Bc5 oder Bb4 zu spielen. Ribli.} 8. Bf3 $6 {Meiner Meinung
nach bietet 8.Re1 mehr Chancen für Weiß. Ribli.} (8. Re1 $5 Nc6 9. Nxc6 dxc6
10. e5 {SURVEY CBM52/1996/}) 8... Nc6 9. Nxc6 dxc6 10. Re1 $11 {Nach diesem
Zug hat Weiß keinen Vorteil. Es ist seltsam, wenn wir im Sizilianischen eine
symmetrische Stellung haben, es aber auch in dieser kleine Unterschiede gibt.
Schwarz hat eine mobile Bauernmasse am Damenflügel, aber er ist nicht so gut
entwickelt. Ribli.} (10. e5 $6) (10. a4 $5 {SURVEY CBM52/1996/}) (10. Qe2) (10.
Be3) 10... Bd6 11. g3 (11. h3 Nf6 12. Qe2 Nd7 13. g3 O-O 14. a4 Be5 15. Bg2 Nb6
$15 {Valenti-Cvitan/Mendristi op/1988/}) 11... Be5 12. Be3 Nf6 (12... Bxc3 {
Ich denke dieser Tausch führt auch zu gleichen Chancen, aber Schwarz kann mit
diesem Zug warten, denn sein Läufer scheint mir besser zu sein als der weiße
Springer. Ribli.} 13. bxc3 c5 14. e5 Ne7) 13. Qe2 O-O 14. Bg2 c5 15. Bd2 Rad8
$15 {[#] Schwarz hat freies Spiel und er hat später die Möglichkeit eines
Vorstoßes am Damenflügel. Ribli.} 16. Rad1 Rd7 17. Bc1 Rfd8 18. Rxd7 Rxd7 19.
Nd1 c4 20. c3 {Dieser Zug schwächt das Felds d3, aber früher oder später muß
Weiß ihn unvermeidlich ziehen. Ribli.} (20. h3 Qd8 21. f4 Bd4+ 22. Nf2 (22. Kh2
Bb6 23. Nf2) 22... Bb6 (22... c3 $5) 23. Kh2) 20... h6 21. a3 Qd8 22. Ne3 Bc7 (
22... Nxe4 23. Nxc4 bxc4 24. Bxe4) 23. Ng4 Nxg4 24. Qxg4 Kf8 25. Be3 Bb6 26.
Bf4 Bc5 27. h4 $11 {Schwarz hat noch theoretisch bessere Chancen, aber Weiß
kann sich verteidigen, weil er die wichtigste Einbruchspunkte kontrolliert.
Ribli.} Qb6 28. Qe2 Rd3 29. h5 f6 30. b4 Be7 31. Qc2 {Jetzt sehen wir einen
Manöverkampf, in dem es keine forcierte Varianten gibt, und beide Spieler um
mikroskopische Vorteile kämpfen. Ribli.} Qd8 32. Bf1 Rd7 33. Bh3 (33. Bg2 $11)
33... Qb6 34. Be3 Qd6 35. Bd4 Rd8 36. Bg2 Qc6 37. Be3 $6 (37. g4) (37. f4 $11)
37... f5 $15 38. Bd4 (38. f4 Rd3 (38... Bf6 $5 39. e5 Qxg2+ 40. Qxg2 Bxg2 41.
exf6 (41. Kxg2 Be7 42. Bd4 $11))) 38... Bf6 $1 39. Bxf6 {Weiß fehlt nur ein
Tempo, aber in dieser Stellung entscheidet dieses eine Tempo darüber, ob der
Anziehende sich von der Fesselung in der Diagonalen h1-a8 befreien kann oder
nicht, was letztendlich einen halben Punkt mehr oder weniger ausmacht. Ribli.}
gxf6 40. f4 $2 (40. Rd1 Rxd1+ 41. Qxd1 fxe4 (41... Ke7) 42. Qg4) 40... Rd3 41.
exf5 Rxg3 $19 {Das Eingreifen des Turms entscheidet die Partie. Ribli.} 42. Re2
Qf3 43. fxe6 Qd3 44. Qb2 (44. e7+ Ke8 45. Qxd3 cxd3 46. Rd2 Bxg2 47. Rxg2 Rxg2+
48. Kxg2 d2 $19) 44... Ke7 45. f5 Rg5 {Und Weiss gab auf, weil er hilflos
gegen die verschiedene Drohungeni ist. 46.Rd2 Qe3 47.Rf2 Rxg2,47.Kh2 Rh5 oder
47.Kf1 Rf5 mit Gewinn. Ribli.} 0-1

[Event "Bad Endbach"]
[Site "Bad Endbach"]
[Date "1995.??.??"]
[Round "?"]
[White "Tischbierek, Raj"]
[Black "Lau, Ralf"]
[Result "0-1"]
[WhiteElo "2520"]
[BlackElo "2490"]
[Annotator "Ribli,Z"]
[PlyCount "74"]
[EventDate "1995.04.??"]
[EventType "tourn"]
[EventRounds "11"]
[EventCountry "GER"]
[EventCategory "11"]
[SourceTitle "CBM 047"]
[Source "ChessBase"]
[SourceDate "1995.08.01"]
[SourceVersion "1"]
[SourceVersionDate "1995.08.01"]
[SourceQuality "1"]

1. e4 c5 2. Nf3 e6 3. d4 cxd4 4. Nxd4 a6 5. Nc3 Qc7 6. g3 Bb4 $5 {Nach diesem
Zug hat Weiss weniger Angriffchance als die normale Hauptvariente.} 7. Nde2 (7.
Bd2 $5) 7... Nf6 8. Bg2 Be7 9. O-O Nc6 10. b3 {In Betracht kommt 10.h3, 10.a4
oder 10.Be3 auch.} d6 (10... b5 11. Bb2 Bb7 12. Qd2 O-O 13. Rad1 d6 $13 {
Ghinda,M-Honfi,K/Timisoara/1972/INF13,347/}) 11. Bb2 b5 12. Qd2 (12. Nf4 O-O
13. Re1 Bb7 14. a3 Rfe8 15. Qe2 Rac8 16. Rad1 Ne5 $13 {De la Villa Garcia,
J-Hulak,K/New York op/1989/CBM12/}) 12... O-O 13. a4 {Weiss will am
Damenfluegel eine klare Situation erreichen.} b4 14. Nd1 Bb7 15. Ne3 Rfd8 16.
Rac1 (16. Nc4 $6 Nxe4 {Zu pruefen ist 16...d5.}) 16... Rac8 17. c4 bxc3 18.
Bxc3 {Der Nachziehende steht bequemer, weil seine Figuren optimal stehen und
einige weisse Bauern (e4,b3,a4) sind schwach.} Qb8 19. Rfd1 Ne5 20. Qd4 (20.
Ba5 $2 Nxe4 21. Qb4 (21. Bxe4 Bxe4 $19) (21. Qd4 Ng5 $19) 21... Rxc1 22. Nxc1 (
22. Rxc1 Nd3 $19) 22... Nc6 $1 23. Qxe4 Nxa5 $19) (20. f3 d5 $5 21. Bxe5 Qxe5
22. Rxc8 Rxc8 23. f4 Qb8 24. exd5 exd5 25. Nd4 (25. Nxd5 $2 Nxd5 26. Bxd5 Rd8
27. Nc3 Bf6 $19) 25... g6 $132 {/\ Ne4}) 20... Qa8 21. f3 Nc6 22. Qd2 d5 $1 {
Dieser Vorstoss ist fuer derartige Stellungen (Igel) typisch. Schwarz ueber-
nimmt die Initiative.} 23. exd5 (23. Bxf6 dxe4 $17) 23... Nxd5 24. Nxd5 Rxd5
25. Qe1 Bc5+ 26. Kh1 Ne7 $1 {Droht /\ Rd1,Bf3.} 27. Bd4 Bxd4 28. Rxc8+ Qxc8 29.
Rxd4 (29. Nxd4 Qd7 $19 {Droht /\ Rd4 und e5 oder Nf5 auch.}) 29... Qc2 $1 30.
h4 Nf5 $1 31. Rxd5 Bxd5 {Droht /\ Qe2,Ng3.} 32. Nf4 Bxb3 {Natuerlich will
Schwarz seinen Laeufer nicht geben.} 33. g4 Nxh4 $1 {Das geht Schlag auf
Schlag.} 34. Qe5 (34. Qxh4 Qc1+ 35. Kh2 Qxf4+ $19) 34... h6 35. Qb8+ Kh7 36.
Bf1 Qc1 37. Kg1 Bc4 {Wir haben ein Lehrbeispiel auf sizilianische Verteidigung
gesehen. So spielt man mit Schwarz: Gute positionelle Vorbereitung, dann
Durchbruch im Zentrum, zum Schluss Materialgewinn.} 0-1